Etudes agricole de la FAO; N65 La stérilisation du lait

Enregistré dans:
Détails bibliographiques
Auteur principal: G Thieulin
Format: Livre
Langue:Undetermined
Publié: Rome FAO 1965
Sujets:
Tags: Ajouter un tag
Pas de tags, Soyez le premier à ajouter un tag!
Thư viện lưu trữ: Trung tâm Học liệu Trường Đại học Cần Thơ
LEADER 00543nam a2200193Ia 4500
001 CTU_29271
008 210402s9999 xx 000 0 und d
082 |a 637.1 
082 |b F218/N65 
100 |a G Thieulin 
245 0 |a Etudes agricole de la FAO; N65 
245 0 |b La stérilisation du lait 
245 0 |c G Thieulin, FAO, H Burton, J Pien 
260 |a Rome 
260 |b FAO 
260 |c 1965 
650 |a milk production 
904 |i Nguyễn Quang Điền, 990317 
980 |a Trung tâm Học liệu Trường Đại học Cần Thơ